Fábulas (Registro nro. 38280)
[ vista simple ]
| 000 -CABECERA | |
|---|---|
| Longitud fija campo de control | 00813nam a2200277 i 4500 |
| 003 - IDENTIFICADOR DEL NUMERO DE CONTROL | |
| Identificador del número de control | CO-BoRNBP |
| 005 - FECHA Y HORA DE LA ULTIMA TRANSACCION | |
| Fecha y hora de la última transacción | 20240805104948.0 |
| 007 - CAMPO FIJO DE DESCRIPCION FISICA | |
| Campo fijo de descripción física | ta |
| 008 - CODIGOS DE INFORMACION DE LONGITUD FIJA | |
| Códigos de información de longitud fija | 240805s1999 sp |||| |||| 00| 0 spa d |
| 020 ## - NUMERO INTERNACIONAL NORMALIZADO PARA LIBROS | |
| Número Internacional Normalizado para Libros (ISBN) | 9788484034360 |
| 040 ## - FUENTE DE LA CATALOGACION | |
| Centro catalogador de origen | CO-BoRNBP |
| Lengua de catalogación | spa |
| Centro transcriptor | CO-BoRNBP |
| Normas de descripción | rda |
| 041 ## - CODIGO DE LENGUA | |
| Código de lengua del texto/banda sonora o título independiente | spa |
| 084 ## - Clasificación Local Alfanúmerica PNLB | |
| Número de clasificación | C ESO1 |
| 100 ## - PUNTO DE ACCESO PRINCIPAL-NOMBRE DE PERSONA | |
| Nombre de persona | Esopo |
| Fechas asociadas al nombre | 600 a. C. - 564 a. C |
| Término indicativo de función | autor |
| 245 ## - TITULO PROPIAMENTE DICHO | |
| Título | Fábulas |
| Resto del título | completas |
| 250 ## - MENCION DE EDICION | |
| Mención de edición | Primera edición |
| 264 #1 - PRODUCCION, PUBLICACION , DISTRIBUCION, FABRICACION Y COPYRIGHT | |
| Lugar de producción, publicación, distribución, fabricación | Madrid, España |
| Nombre del productor, editor, distribuidor, fabricante | Edimat Libros |
| Fecha de de producción, publicación, distribución, fabricación o copyright | 1999 |
| 300 ## - DESCRIPCION FISICA | |
| Extensión | 158 páginas |
| Dimensiones | alto 20cm ancho 13cm |
| 336 ## - TIPO DE CONTENIDO | |
| Fuente | rdacontenido |
| Término de tipo de contenido | texto |
| Código de tipo de contenido | txt |
| 337 ## - TIPO DE MEDIO | |
| Fuente | rdamedio |
| Nombre del tipo de medio | sin mediación |
| Código del tipo de medio | n |
| 338 ## - TIPO DE SOPORTE | |
| Fuente | rdasoporte |
| Nombre del tipo de soporte | volumen |
| Código del tipo de soporte | nc |
| 490 ## - MENCION DE SERIE | |
| Mención de serie | Clásicos selección |
| 650 17 - PUNTO DE ACCESO ADICIONAL DE MATERIA - TERMINO DE MATERIA | |
| Fuente del encabezamiento | ARMARC |
| Término de materia o nombre geográfico como elemento inicial | Literatuta universal |
| 650 17 - PUNTO DE ACCESO ADICIONAL DE MATERIA - TERMINO DE MATERIA | |
| Fuente del encabezamiento | ARMARC |
| Término de materia o nombre geográfico como elemento inicial | cuentos griegos |
| 942 ## - ENTRADA DE ELEMENTOS AGREGADOS (KOHA) | |
| Fuente de clasificaión o esquema | Dewey Decimal Classification |
| Koha [por defecto] tipo de item | Libro Infantil |
| Perdido | Fuente de clasificación o esquema | Estado Físico | No para préstamo | Forma de adquisición | Localización permanente | Localización actual | Localización en estanterías | Fecha adquisición | Préstamos totales | Signatura completa | Código de barras | Fecha última consulta | Número de copia | Fecha del precio de reemplazo | Tipo de item de Koha |
|---|---|---|---|---|---|---|---|---|---|---|---|---|---|---|---|
| Dewey Decimal Classification | Infantil | Biblioteca Pública Guamal | Biblioteca Pública Guamal | Sala Infantil | 08/05/2024 | C ESO1 | GUA004036 | 08/05/2024 | Ej.1 | 08/05/2024 | Libro Infantil |